000 00953cam a2200253 i 4500
003 SA-RiAUC
005 20250314200112.0
008 250312s1980 sy g 00010 ara c
040 _aSA-RiAUC
_bara
_cSA-RiAUC
_erda
082 0 4 _a189.19
_qSA-RiAUC
090 _a189.19
_bج م ا
100 1 _aجمال، أحمد محمد صالح،
_d1343-1413 هجري
_eمؤلف.
245 1 0 _aقضايا معاصرة في محكمة الفكر الإسلامي /
_cأحمد محمد جمال.
250 _aالطبعة الأولى.
264 1 _aدمشق :
_bدار مجلة الثقافة،
_c1980
300 _a214 صفحة ؛
_c24 سم
336 _aنص
_btxt
_2rdacontent
_3كتاب
337 _aبدون وسيط
_bn
_2rdamedia
338 _aمجلد
_bnc
_2rdacarrier
650 7 _aالفلسفة الإسلامية
_2aucsh
650 7 _aالثقافة الإسلامية
_2aucsh
942 _2ddc
_cBOOK
_n0
949 _aSA-JeALM
_d250312
_umohamedma123
_n1
999 _c6447
_d6447